000
00294nam a22001097a 4500
008
140211t xxu||||| |||| 00| 0 eng d
020
_a
81-307-0612-1
100
_a
Harold J. Laski
_9
707
245
_a
The American Presidency
_b
an interpretation
300
2
_a
viii p., 1 l, 278 p. ;
942
_2
ddc
_c
BK
999
_c
16965
_d
16965